| 000 | 00992nam a2200241 a 4500 | ||
|---|---|---|---|
| 003 | 0 | ||
| 005 | 20250319134322.0 | ||
| 008 | 060802s19uu xx 00 eng d | ||
| 050 |
_aPGS RS 164.A94.S78 _b.So714 2006 |
||
| 100 | _aSoriano, Jed Joseph R. | ||
| 245 |
_aAwareness of grade six students of Southville International School and Colleges on selected medicinal plants / _cJed Joseph R. Soriano. |
||
| 260 |
_aLas PiƱas City, Philippines : _bSouthville International School and Colleges, _c2006. |
||
| 300 |
_a41 pages : _billustrations ; _c28 cm. |
||
| 504 | _aIncludes bibliographical references. | ||
| 650 |
_aMedicinal plants _vTherapeutic use. |
||
| 650 |
_aHerbal medicine _vSafety measures. |
||
| 650 |
_aHerbal medicine _vPublic awareness. |
||
| 650 |
_aMedicinal plants _vStudy and teaching (Elementary). |
||
| 650 |
_aMedicinal plants _vEfficacy. |
||
| 650 |
_aHerbal medicine _vPopularity. |
||
| 650 |
_aTraditional medicine _vSocial aspects. |
||
| 942 |
_2lcc _cPASS |
||
| 999 |
_c97551 _d97551 |
||